Joueurs de Football ayant joué avec 2 selections en A - Statistiques

Statistiques générales
  • Ce quiz a été pris 358 fois
    356 depuis la dernière actualisation
  • Le résultat moyen est 3 sur 8
Statistiques - réponses
Hint Réponse % Correct
Brésil/Espagne Diego Costa
79%
France/Centrafrique Geoffrey Kondogbia
60%
Angleterre/Côte d'Ivoire Wilfried Zaha
39%
Brésil/Italie Thiago Motta
33%
Argentine/Espagne Alfredo Di Stéfano
32%
Maroc/Belgique Nacer Chadli
24%
France/Koweit Michel Platini
20%
Allemagne/Etats-Unis Jermaine Jones
2%
Aucun quiz correspondant
Distribution des résultats
% des personnes avec chaque résultat
Percentile par nombre de réponses
Votre historique - résultats
Vous n’avez pas pris ce quiz depuis la dernière actualisation